Test de Rapidité - "1 (Un)" - Statistiques

Statistiques générales
  • Ce quiz a été pris 572 fois
  • Le résultat moyen est 89 sur 100
Statistiques - réponses
1 % Correct
1
100%
1
99%
1
99%
1
98%
1
98%
1
98%
1
98%
1
98%
1
98%
1
98%
1
97%
1
97%
1
97%
1
97%
1
97%
1
97%
1
97%
1
97%
1
96%
1
96%
1
96%
1
96%
1
96%
1
96%
1
95%
1
95%
1
95%
1
95%
1
95%
1
95%
1
95%
1
95%
1
95%
1
95%
1
95%
1
94%
1
94%
1
94%
1
94%
1
94%
1
94%
1
94%
1
93%
1
93%
1
93%
1
92%
1
92%
1
92%
1
92%
1
91%
1
91%
1
90%
1
90%
1
90%
1
90%
1
90%
1
90%
1
90%
1
90%
1
89%
1
89%
1
89%
1
89%
1
88%
1
88%
1
88%
1
87%
1
87%
1
87%
1
87%
1
86%
1
85%
1
85%
1
85%
1
84%
1
84%
1
84%
1
83%
1
83%
1
83%
1
81%
1
80%
1
80%
1
79%
1
78%
1
78%
1
76%
1
76%
1
74%
1
74%
1
72%
1
71%
1
70%
1
69%
1
69%
1
68%
1
67%
1
66%
1
65%
1
64%
Aucun quiz correspondant
Distribution des résultats
% des personnes avec chaque résultat
Percentile par nombre de réponses
Votre historique - résultats
Vous n’avez pas pris ce quiz